| 000 | 00419nam a2200181Ia 4500 | ||
|---|---|---|---|
| 001 | 2945 | ||
| 005 | 20260306144844.0 | ||
| 008 | 260306t1990||||xx |||||||||||||| ||spa|| | ||
| 041 | _aESP | ||
| 082 |
_a234.163 _bD69 |
||
| 100 |
_aDíaz Mateos, Manuel _eAUT |
||
| 245 | 0 | _aPara la vida del mundo | |
| 260 | _c1990 | ||
| 300 |
_a181 páginas : _c19 cm. |
||
| 650 | _aGEN | ||
| 654 | _aCHU | ||
| 942 |
_cLIB _dJUS _fJUS _2ddc _n |
||
| 999 |
_c2945 _d2945 |
||